000 01204cam a2200313 4500
001 X105270
008 000000n2000 000 0 eng u
035 _a(Sirsi) u105270
245 _aFalmouth v South West Water
260 _c2000
490 _aNew Property Cases
_v[2000] 36 NPC, 1-6(6)
520 _aThe determinative decision on s80 of the Environmental Protection Act 1990 as to the contents of a valid abatement notice. Headnote from journal - No photocopying allowed.
650 _aFALMOUTH V SOUTH WEST WATER
650 _aPUBLIC HEALTH
650 _aENVIRONMENTAL ACT 1995
650 _aENVIRONMENTAL PROTECTION ACT 1990
650 _aPUBLIC HEALTH ACT 1936
650 _aWATER INDUSTRY ACT 1991
650 _aNUISANCES REMOVAL AND DISEASES PREVENTION ACT 1848
650 _aNUISANCES REMOVAL AND DISEASES PREVENTION ACT 1849
650 _aPUBLIC HEALTH ACT 1875
650 _aNUISANCES REMOVAL AND DISEASES PREVENTION ACT 1855
650 _aRIVERS POLLUTION ACT 1876
650 _aRIVERS (PREVENTION OF POLLUTION) ACT 1951
650 _aLOCAL GOVERNMENT ACT 1858
650 _aEC BATHING WATERS DIRECTIVE
690 _aENVIRONMENT-ENVIRONMENTAL LAW
942 _n0
999 _c63124
_d63124